Statistics for Mergeography #2

Click here to take the quiz!

General Stats

  • This quiz has been taken 22 times
  • The average score is 22 of 45

Answer Stats

"Before" Hint"After" HintAnswer% Correct
Denver - x
84%
Benelux - x
79%
Canary - x
74%
Demonym of the Republic on HispaniolaSpain's ______ Islands are west of MoroccoDominicanary
74%
Dominican - x
74%
Tonga - x
74%
Home to the oldest annual marathonTiny Polynesian country and former empireBostonga
68%
Boston - x
68%
Richmond - x
68%
Archipelago - x
63%
The "Mile High City"Site of a historic WWI battleDenverdun
63%
Istanbul - x
63%
Luxor - x
63%
Pakistan- x
63%
Verdun - x
63%
Swiss city famous for financial institutionsUS state capital and former capital of the
Confederacy
Zurichmond
63%
Zürich - x
63%
Term for a cluster of islandsThe largest city on its continent and former
national capital
Archipelagos
58%
Arizona - x
58%
Region containing Belgium, Luxembourg,
and Netherlands
Major city home to the Theban Necropolis and
the Valley of the Kings
Beneluxor
58%
Kalahari - x
58%
Desert whose name is derived from the
Tswana word for "great thirst"
One of the states in the "Four Corners" regionKalaharizona
58%
Lagos - x
58%
This country is named for the regions Panjab
Afghania, Kashmir, Sindh, and Baluchistan
The Strait of Bosporus divides this city in
two
Pakistanbul
58%
Shanghai - x
47%
Haiti - x
42%
Harlem - x
42%
This "Alpha+ city" is ranked as 4th most
important financial centre in the world
Country rocked by a 2010 quakeShanghaiti
42%
Uluru - x
42%
This region includes Dubrovnik and SplitNorthern China's largest coastal cityDalmatianjin
37%
Dalmatia - x
37%
Tianjin - x
37%
Afghan city on the Arghandab RiverNeighborhood home to a Black American
cultural renaissance in the 1920s and 30s
Kandaharlem
32%
Kandahar - x
32%
Hanoi - x
26%
Also known as Ayer's RockThe largest city in "Middle Asia"Ulurumqi
26%
Urumqi - x
26%
Wuhan - x
26%
Antwerp - x
21%
Mediterranean region east of Italy and,
more recently, south of Turkey
City that serves as a hub to the diamond tradeLevantwerp
21%
Levant - x
21%
Lisbon - x
21%
Major city at the confluence of the Yangtze
and Han Rivers
Formerly called Thăng Long, which translates
to “Ascending Dragon”
Wuhanoi
21%
This ancient citadel’s name means “highest
point of the city”
Its urban area includes Sintra, Cascais, Loures,
and Cabo da Roca
Acropolisbon
16%
Acropolis - x
16%

Score Distribution

Percentile by Number Answered

Percent of People with Each Score

Your Score History

You have not taken this quiz